Random Hunger Games Knowledge Quiz - Statistics

General Stats
  • This quiz has been taken 147 times
  • The average score is 14 of 45
Answer Stats
Hint Answer % Correct
The Main Character Katniss
100%
The number of siblings Rue has 5
84%
The author of the books Suzanne Collins
59%
The age Katniss and Peeta were in the first book 16
57%
The age Prim was when her father died 7
56%
President Snow's first name Coriolanus
54%
The year the first movie came out 2012
51%
Finnick's wife's name Annie Cresta
50%
The name of Gale's younger sister Posy
48%
The number of brothers Peeta has 2
47%
The color of the Cornucopia (in the books) Gold
47%
The deadly berries in The Hunger Games Nightlock
47%
The year the first book came out 2008
44%
Katniss's best friend's full name Gale Hawthorne
41%
The name of the prequel The Ballad of Songbirds and Snakes
40%
Katniss's favorite Capitol dish Lamb stew with dried plums
39%
The number of times ^'s name was in the reaping bowl 42
35%
The last word of Mockingjay Play
33%
Part 1 of The Hunger Games The Tributes
33%
The name of Johanna's district partner in the Quarter Quell Blight
30%
The number of all victors (dead or alive) 75
29%
The form of torture used on Peeta Hijacking
29%
The names of Katniss's prep team Flavius, Octavia, Venia
26%
The number of chapters in each book 27
22%
The first person in the Star Squad to die (in the movie) Boggs
22%
Part 3 of The Hunger Games The Victor
21%
The first word of The Hunger Games When
20%
The industry of District 6 Transportation
19%
Part 2 of Catching Fire The Quell
18%
The kind of bread Peeta threw to Katniss Rasin and nut bread
17%
The first person in the Star Squad to die (in the book) Leeg 2
16%
The names of Gale's brothers Rory and Vick
16%
Part 2 of The Hunger Games The Games
16%
Part 3 of Mockingjay The Assassin
12%
The number of the Star Squad 451
11%
Part 1 of Catching Fire The Spark
11%
The names of the known District 2 victors Brutus, Enobaria, Lyme
9%
Part 1 of Mockingjay The Ashes
8%
The number of pages in The Hunger Games 374
7%
Part 3 of Catching Fire The Enemy
7%
The number of pages in Mockingjay 390
5%
The number of pages in Catching Fire 391
5%
Part 2 of Mockingjay The Assault
5%
The Hunger Games that Finnick won The 65th Hunger Games
4%
The Hunger Games ^ won The 70th Hunger Games
3%
No matching quizzes found
Score Distribution
Percent of People with Each Score
Percentile by Number Answered
Your Score History
You have not taken this quiz